Loading...
| History - Other | 0 | 6 | 0 | 0 | 60 | 24 | 63.17 | 3 | 5 | 24.63 | 41.67 |
| Science - Chemistry | 0 | 6 | 1 | 0 | 55 | 10 | 40.83 | 3 | 5 | 30.62 | 38.33 |
| History - European | 0 | 6 | 1 | 1 | 55 | 48 | 83.33 | 2 | 4 | 17.61 | 30.42 |
| History - World | 0 | 6 | 2 | 1 | 50 | 44 | 66.50 | 2 | 5 | 25.16 | 35.00 |
| Science - Biology | 0 | 6 | 4 | 1 | 40 | 17 | 57.67 | 2 | 5 | 25.23 | 34.58 |
| Fine Arts - Other | 0 | 2 | 0 | 2 | 20 | 129 | 137.50 | 0 | 2 | 0.06 | 9.58 |
| Social Science | 0 | 1 | 0 | 1 | 10 | 110 | 110.00 | 0 | 0 | 0.00 | 1.67 |
| Fine Arts - Painting and Sculpture | 0 | 1 | 0 | 0 | 10 | 87 | 87.00 | 1 | 1 | 2.67 | 5.00 |
| Mythology | 0 | 1 | 0 | 1 | 10 | 132 | 132.00 | 0 | 0 | 0.00 | 3.33 |
| Other Academic | 0 | 1 | 0 | 0 | 10 | 43 | 43.00 | 1 | 1 | 21.08 | 33.33 |
| Religion | 0 | 1 | 0 | 0 | 10 | 58 | 58.00 | 1 | 1 | 3.86 | 8.33 |
| Science - Other | 0 | 1 | 1 | 1 | 5 | 101 | 101.00 | 0 | 0 | 0.08 | 1.67 |
| Literature - American | 0 | 0 | 1 | 0 | -5 | 0.00 | 0 | 0 | 0.00 | 0.00 | |
| History - American | 0 | 0 | 1 | 0 | -5 | 0.00 | 0 | 0 | 0.00 | 0.00 |